Les compos de PSG 0-1 Bayern (20/21) - Statistiques

Statistiques générales
  • Ce quiz a été pris 7 435 fois
  • Le résultat moyen est 16 sur 22
Statistiques - réponses
Equipe Nationalité Joueur % Correct
PSG Costaricain Keylor Navas
98%
PSG Français Kylian Mbappe
96%
PSG Brésilien Neymar
95%
Bayern Munich Français Kingsley Coman
88%
Bayern Munich Allemand Manuel Neuer
88%
PSG Français Presnel Kimpembe
85%
Bayern Munich Canadien Alphonso Davies
83%
PSG Allemand Julian Draxler
81%
PSG Senégalais Idrissa Gueye
80%
Bayern Munich Camerounais Eric Choupo-Moting
79%
PSG Argentin Angel Di Maria
78%
Bayern Munich Allemand Joshua Kimmich
78%
PSG Argentin Leandro Paredes
75%
Bayern Munich Allemand Thomas Müller
75%
Bayern Munich Autrichien David Alaba
72%
Bayern Munich Français Benjamin Pavard
71%
Bayern Munich Français Lucas Hernandez
69%
PSG Portugais Danilo
60%
PSG Sénégalais Abdou Diallo
47%
Bayern Munich Allemand Jerôme Boateng
45%
Bayern Munich Allemand Leroy Sané
40%
PSG Français Colin Dagba
37%
Aucun quiz correspondant
Distribution des résultats
% des personnes avec chaque résultat
Percentile par nombre de réponses
Votre historique - résultats
Vous n’avez pas pris ce quiz